Największe miasto przy danej rzece w Polsce - Statystyki

Ogólne statystyki
  • Ten quiz został rozwiązany 156 razy
  • Średni wynik to 5 z 10
Statystyki odpowiedzi
Rzeka Miasta % Poprawnych
Wisła Warszawa
100%
Warta Poznań
97%
Odra Wrocław
91%
San Przemyśl
45%
Dunajec Tarnów
36%
Narew Ostrołęka
27%
Noteć Inowrocław
22%
Pilica Tomaszów Mazowiecki
19%
Bug Wyszków
18%
Wieprz Lubartów
6%
Nie znaleziono quizów pasujących do podanych kryteriów
Rozkład punktacji
Procent ludzi z każdym wynikiem
Percentyl według liczby udzielonych odpowiedzi
Twoja historia wyników
Nie rozwiązałeś tego quizu